| 000 | 00379 a2200169 4500 | ||
|---|---|---|---|
| 001 | 184309 | ||
| 020 | _a85-08-05248-0 | ||
| 040 | _cMagnum | ||
| 100 | _aRocha, Ruth | ||
| 240 | 1 | 0 |
_aUma história com mil macacos _lpor |
| 245 | 1 | 0 | _aUma história com mil macacos |
| 300 | _a31 | ||
| 362 | 0 | _a2006 | |
| 440 | 1 | _aÁtica | |
| 697 | _aLITERATURA INFANTO-JUVENIL | ||
| 942 | _cBK | ||
| 999 |
_c184309 _d184309 |
||